000 00532nam a2200205Ia 4500
003 OSt
005 20220926004245.0
006 a|||||r|||| 00| 0
007 ta
008 220923b |||||||| |||| 00| 0 eng d
037 _cGeneral Book
040 _aRTL
_cRTL
_beng
041 _2eng
_aeng
245 0 _aEnvironmental laws and water resources management
260 _a New Delhi
_bRadiant Publishers
_c1986
300 _axii, 355p
_ccm.
650 _aGEOGRAPHY
942 _cGB
_2CC
999 _c610410
_d610410